Pekeliling Kemajuan Pentadbiran Awam dan profil Perkhidmatan Awam Malaysia / (Record no. 165)

000 -LEADER
fixed length control field nam a22 a 4500
003 - CONTROL NUMBER IDENTIFIER
control field AKMAL
005 - DATE AND TIME OF LATEST TRANSACTION
control field 20170421162935.0
008 - FIXED-LENGTH DATA ELEMENTS--GENERAL INFORMATION
fixed length control field 170421s2009 my | e | 000 0 may d
020 ## - INTERNATIONAL STANDARD BOOK NUMBER
International Standard Book Number 9677012177
020 ## - INTERNATIONAL STANDARD BOOK NUMBER
International Standard Book Number 9789677012172
040 ## - CATALOGING SOURCE
Original cataloging agency AKMAL
082 04 - DEWEY DECIMAL CLASSIFICATION NUMBER
Classification number 351.595 MAL
Edition number 22
090 00 - LOCALLY ASSIGNED LC-TYPE CALL NUMBER (OCLC); LOCAL CALL NUMBER (RLIN)
Classification number (OCLC) (R) ; Classification number, CALL (RLIN) (NR) 351.595
Local cutter number (OCLC) ; Book number/undivided call number, CALL (RLIN) MAL
110 1# - MAIN ENTRY--CORPORATE NAME
Corporate name or jurisdiction name as entry element Malaysia
9 (RLIN) 400
245 10 - TITLE STATEMENT
Title Pekeliling Kemajuan Pentadbiran Awam dan profil Perkhidmatan Awam Malaysia /
Statement of responsibility, etc. disusun semula oleh Penasihat Undang-Undang MDC
250 ## - EDITION STATEMENT
Edition statement Ed. 2009
260 ## - PUBLICATION, DISTRIBUTION, ETC.
Place of publication, distribution, etc. Kuala Lumpur :
Name of publisher, distributor, etc. MDC Publishers,
Date of publication, distribution, etc. 2009
300 ## - PHYSICAL DESCRIPTION
Extent 683ms. :
Other physical details il. ;
Dimensions 26cm.
500 ## - GENERAL NOTE
General note Dikepala judul kulit depan : "Buku panduan untuk peperiksaan am kerajaan"
500 ## - GENERAL NOTE
General note Cetakan Ketujuhbelas 2009
650 10 - SUBJECT ADDED ENTRY--TOPICAL TERM
Topical term or geographic name entry element Office practice in government
Geographic subdivision Malaysia
Form subdivision Handbooks, manuals, etc.
9 (RLIN) 403
650 20 - SUBJECT ADDED ENTRY--TOPICAL TERM
Topical term or geographic name entry element Civil service ethics
Geographic subdivision Malaysia
Form subdivision Handbooks, manuals, etc.
9 (RLIN) 404
710 2# - ADDED ENTRY--CORPORATE NAME
Corporate name or jurisdiction name as entry element Penasihat Undang-Undang MDC
9 (RLIN) 405
942 ## - ADDED ENTRY ELEMENTS (KOHA)
Source of classification or shelving scheme
Koha item type Book
Holdings
Withdrawn status Lost status Source of classification or shelving scheme Damaged status Not for loan Collection code Home library Current library Shelving location Date acquired Inventory number Total Checkouts Full call number Barcode Date last seen Price effective from Koha item type
          NON-FICTION AKMAL Melaka AKMAL Melaka PINJAMAN 21.04.2017 305460   351.595 MAL 201700336 21.04.2017 21.04.2017 Book
          NON-FICTION AKMAL Melaka AKMAL Melaka PINJAMAN 21.04.2017 305461   351.595 MAL 201700341 21.04.2017 21.04.2017 Book
          NON-FICTION AKMAL Melaka AKMAL Melaka PINJAMAN 21.04.2017 305462   351.595 MAL 201700338 21.04.2017 21.04.2017 Book
          NON-FICTION AKMAL Melaka AKMAL Melaka PINJAMAN 21.04.2017 305464   351.595 MAL 201700343 21.04.2017 21.04.2017 Book
          NON-FICTION AKMAL Melaka AKMAL Melaka PINJAMAN 21.04.2017 305465   351.595 MAL 201700337 21.04.2017 21.04.2017 Book
          NON-FICTION AKMAL Melaka AKMAL Melaka PINJAMAN 21.04.2017 305466   351.595 MAL 201700333 21.04.2017 21.04.2017 Book
          NON-FICTION AKMAL Melaka AKMAL Melaka PINJAMAN 21.04.2017 305467   351.595 MAL 201700348 21.04.2017 21.04.2017 Book
          NON-FICTION AKMAL Melaka AKMAL Melaka PINJAMAN 21.04.2017 305469   351.595 MAL 201700335 21.04.2017 21.04.2017 Book
          NON-FICTION AKMAL Melaka AKMAL Melaka PINJAMAN 21.04.2017 305470   351.595 MAL 201700339 21.04.2017 21.04.2017 Book
          NON-FICTION AKMAL Melaka AKMAL Melaka PINJAMAN 21.04.2017 305471   351.595 MAL 201700331 21.04.2017 21.04.2017 Book
          NON-FICTION AKMAL Melaka AKMAL Melaka PINJAMAN 21.04.2017 305472   351.595 MAL 201700354 21.04.2017 21.04.2017 Book
          NON-FICTION AKMAL Melaka AKMAL Melaka PINJAMAN 21.04.2017 305473   351.595 MAL 201700340 21.04.2017 21.04.2017 Book
          NON-FICTION AKMAL Melaka AKMAL Melaka PINJAMAN 21.04.2017 305474   351.595 MAL 201700345 21.04.2017 21.04.2017 Book
Pusat Sumber Maklumat Dato' Haji Sarmin Md Hussin, Akademi Kastam Diraja Malaysia, Melaka
Tel: 06-2331106 | Faks: 06-2313787